[Event "DEM U12/U12w 2010"]
[Site "Oberhof GER"]
[Date "2010.05.26"]
[Round "6"]
[White "Sherif, Amina"]
[Black "Niemeyer, Maximilian"]
[Result "1/2-1/2"]
[Termination "normal"]
[Board "46"]
[WhiteElo "1081"]
[BlackElo "793"]
[PlyCount "94"]
[WhiteFideId "12911690"]
[EventCountry "GER"]
[EventRounds "11"]
[EventType "swiss"]
[EventDate "2010.05.22"]

1. e4 e5 2. Nf3 Nc6 3. Bc4 Bc5 4. d3 Na5 5. Nxe5 Nxc4 6. Nxc4 d5 7. exd5 Qxd5
8. Nc3 Qxg2 9. Qe2+ Ne7 10. Qf1 Bxf2+ 11. Ke2 Bg4+ 12. Kd2 Qxf1 13. Rxf1 Bh4
14. Rg1 Bg5+ 15. Ke1 Bh4+ 16. Kd2 Bg5+ 17. Ne3 h5 18. Ne2 O-O 19. Kd1 Bxe2+ 20.
Kxe2 Bf6 21. c3 Rae8 22. Bd2 Nd5 23. Rae1 Nf4+ 24. Kf3 Nxd3 25. Rb1 g5 26. Ke2
Nf4+ 27. Kf3 Nh3 28. Rgf1 Be5 29. Kg2 Nf4+ 30. Kf2 Nd3+ 31. Kg2 Bf4 32. Kf3
Bxe3 33. Bxe3 f5 34. Bxg5 Re4 35. Rg1 Ne5+ 36. Kf2 Ng4+ 37. Kg3 Kh7 38. Rbd1
Kg6 39. Bf4 Rh8 40. h4 c6 41. Rd6+ Kf7 42. Rd7+ Re7 43. Rxe7+ Kxe7 44. Bg5+ Nf6
45. Kf4 Ke6 46. Re1+ Ne4 47. b4 b5 1/2-1/2

[Event "DEM U12/U12w 2010"]
[Site "Oberhof GER"]
[Date "2010.05.26"]
[Round "6"]
[White "Silber, Stefanie"]
[Black "Alsheimer, Lea"]
[Result "0-1"]
[Termination "normal"]
[Board "47"]
[WhiteElo "847"]
[BlackElo "1127"]
[PlyCount "152"]
[WhiteFideId "12918245"]
[BlackFideId "12918180"]
[EventCountry "GER"]
[EventRounds "11"]
[EventType "swiss"]
[EventDate "2010.05.22"]

1. e4 c5 2. Nc3 Nc6 3. Nf3 e6 4. Bc4 Be7 5. d3 a6 6. a3 b5 7. Ba2 Bb7 8. O-O
Qc7 9. Re1 Nf6 10. Ne2 d6 11. Ng3 O-O 12. Bd2 a5 13. Qe2 Rfe8 14. e5 dxe5 15.
Nxe5 Nxe5 16. Qxe5 Qxe5 17. Rxe5 Rad8 18. Bxa5 Bd6 19. Re2 Rc8 20. Ne4 Bxe4 21.
dxe4 Be5 22. Rb1 Rc6 23. c4 b4 24. axb4 Ra6 25. Bb3 Rb8 26. Ra1 Rxb4 27. Rd2 g6
28. Rd3 Bxb2 29. Ra2 Rb7 30. Rxb2 Rxa5 31. f3 Ra1+ 32. Kf2 Ra3 33. Ke2 Nh5 34.
g3 Ra1 35. Kf2 f5 36. exf5 exf5 37. h4 f4 38. gxf4 Nxf4 39. Re3 Nh3+ 40. Kg3
Ng1 41. f4 Kg7 42. Kf2 h6 43. Kg2 Kf6 44. Rd3 Kf5 45. Kg3 Ke4 46. Rdd2 Ra3 47.
Kg2 Raxb3 48. Rxb3 Rxb3 49. Kxg1 Kxf4 50. Rg2 g5 51. hxg5 hxg5 52. Rc2 Kg3 53.
Rg2+ Kf4 54. Rf2+ Rf3 55. Rxf3+ Kxf3 56. Kf1 Ke3 57. Kg2 Kd4 58. Kg3 Kxc4 59.
Kg4 Kd3 60. Kxg5 c4 61. Kf5 c3 62. Ke5 c2 63. Kd5 c1=Q 64. Ke5 Qc4 65. Kd6 Qe4
66. Kd7 Qe5 67. Kc6 Qd4 68. Kc7 Qd5 69. Kc8 Qd6 70. Kb7 Qc5 71. Kb8 Qc6 72. Ka7
Kd4 73. Kb8 Kd5 74. Ka7 Qb5 75. Ka8 Kc6 76. Ka7 Qb7# 0-1